[Event "Titled Tuesday intern op 29th June"]
[Site "Chess.com INT"]
[Date "2021.06.29"]
[Round "4"]
[White "Funderburg, John T"]
[Black "Castellanos Hernandez, Emilio Au"]
[Result "0-1"]
[WhiteElo "2100"]
[BlackElo "1920"]
[PlyCount "78"]
[EventDate "2021.06.29"]
[EventType "swiss (blitz)"]
[EventRounds "11"]
[EventCountry "USA"]
[SourceTitle "CBM 203 Extra"]
[Source "ChessBase"]
[SourceDate "2021.09.30"]
[SourceVersion "1"]
[SourceVersionDate "2021.09.30"]
[SourceQuality "1"]

1. e4 c6 2. d4 d5 3. e5 Bf5 4. h4 h6 5. g4 Be4 6. f3 Bg6 7. h5 Bh7 8. e6 Qd6 9. Kf2 Qxe6 10. Nh3 Qc8 11. Bd3 Bxd3 12. Qxd3 Nf6 13. Re1 e6 14. Bf4 Na6 15. Nd2 Qd7 16. c4 Bd6 17. c5 Bxf4 18. Nxf4 Nc7 19. Qe2 Nh7 20. Nd3 0-0 21. Ne5 Qe7 22. f4 Qh4+ 23. Kg2 f5 24. Ng6 Qxg4+ 25. Qxg4 fxg4 26. Nxf8 Rxf8 27. Kg3 Nf6 28. Rh1 Kf7 29. Raf1 Ke7 30. f5 exf5 31. Rxf5 Ne4+ 32. Nxe4 Rxf5 33. Nd6 Rf3+ 34. Kxg4 Rd3 35. Re1+ Ne6 36. Nf5+ Kd7 37. b4 a6 38. a4 Nxd4 39. Re7+ Kd8 0-1

[Event "Titled Tuesday intern op 29th June"]
[Site "Chess.com INT"]
[Date "2021.06.29"]
[Round "2"]
[White "Zhukov, Maksim"]
[Black "Funderburg, John T"]
[Result "1-0"]
[WhiteElo "1919"]
[BlackElo "2100"]
[PlyCount "45"]
[EventDate "2021.06.29"]
[EventType "swiss (blitz)"]
[EventRounds "11"]
[EventCountry "USA"]
[SourceTitle "CBM 203 Extra"]
[Source "ChessBase"]
[SourceDate "2021.09.30"]
[SourceVersion "1"]
[SourceVersionDate "2021.09.30"]
[SourceQuality "1"]

1. d4 Nf6 2. c4 e6 3. Nc3 Bb4 4. Nf3 h6 5. e3 0-0 6. Bd3 d6 7. 0-0 Bxc3 8. bxc3 Nc6 9. e4 e5 10. Ba3 Re8 11. Re1 Bg4 12. Bb2 Nh5 13. h3 Bd7 14. d5 Nb8 15. Ba3 b6 16. Bc1 Qf6 17. a4 a5 18. Nh2 Nf4 19. Ng4 Qg6 20. Bxf4 Bxg4 21. hxg4 exf4 22. e5 Qg5 23. exd6 1-0